Diamante en la Cima una Historia de Amor y Éxito / (Registro nro. 24228)

Detalles MARC
000 -LEADER
fixed length control field 00631nam a22001937a 4500
003 - CONTROL NUMBER IDENTIFIER
control field DO-CoUTE
005 - DATE AND TIME OF LATEST TRANSACTION
control field 20260525125201.0
008 - FIXED-LENGTH DATA ELEMENTS--GENERAL INFORMATION
fixed length control field 260525b dr ||||| |||| 00| 0 spa d
040 ## - CATALOGING SOURCE
Original cataloging agency DO-CoUTE
Language of cataloging spa
Transcribing agency DO-CoUTE
082 ## - DEWEY DECIMAL CLASSIFICATION NUMBER
Classification number RD863.1R789d
100 1# - MAIN ENTRY--PERSONAL NAME
Personal name Cabeza Rosario, Salvador
Relator term Autor
245 10 - TITLE STATEMENT
Title Diamante en la Cima una Historia de Amor y Éxito /
Statement of responsibility, etc. Salvador Rosario Cabeza
260 ## - PUBLICATION, DISTRIBUTION, ETC.
Place of publication, distribution, etc. Republica Dominicana ;
Name of publisher, distributor, etc. Circulo Rojo,
Date of publication, distribution, etc. 2023
300 ## - PHYSICAL DESCRIPTION
Extent 117 Paginas :
Dimensions 22cm,
504 ## - BIBLIOGRAPHY, ETC. NOTE
Bibliography, etc. note Incluye referencia bibliográfica e índice.
650 #4 - SUBJECT ADDED ENTRY--TOPICAL TERM
Topical term or geographic name entry element Novela
700 1# - ADDED ENTRY--PERSONAL NAME
Personal name Salvador Rosario Cabeza
Relator term Autor
942 ## - ADDED ENTRY ELEMENTS (KOHA)
Source of classification or shelving scheme Dewey Decimal Classification
Koha item type Libros
Existencias
Withdrawn status Lost status Source of classification or shelving scheme Damaged status Not for loan Collection code Home library Current library Shelving location Date acquired Inventory number Total Checkouts Full call number Barcode Date last seen Copy number Price effective from Koha item type
    Dewey Decimal Classification     Colección Dominicana Biblioteca UTECO Biblioteca UTECO En Estantería 05/25/2026 023835   RD863.1R789d 023835 05/25/2026 Ej.1 05/25/2026 Libros
    Dewey Decimal Classification     Colección Dominicana Biblioteca UTECO Biblioteca UTECO En Estantería 05/25/2026 023834   RD863.1R789d 023834 05/25/2026 Ej.2 05/25/2026 Libros
    Dewey Decimal Classification     Colección Dominicana Biblioteca UTECO Biblioteca UTECO En el Carrito 05/25/2026 023855   RD863.1R789d 023855 05/25/2026 Ej.3 05/25/2026 Libros
© 2021 Derechos Reservados UTECO - Teléfono: +1 809-585-2291 - Correo electrónico: biblioteca@uteco.edu.do​  
Código postal 43000 ​​
Dirección: Avenida Universitaria No. 100, 
Cotuí, Provincia Sánchez Ramírez, República Dominicana - RNC: 404-00059-6